<?xml version="1.0" encoding="UTF-8"?>
<record
    xmlns:xsi="http://www.w3.org/2001/XMLSchema-instance"
    xsi:schemaLocation="http://www.loc.gov/MARC21/slim http://www.loc.gov/standards/marcxml/schema/MARC21slim.xsd"
    xmlns="http://www.loc.gov/MARC21/slim">

  <leader>01460aab a2200217 i 4500</leader>
  <controlfield tag="001">768714001</controlfield>
  <controlfield tag="003">CO-MdFUSB</controlfield>
  <controlfield tag="005">20250804155324.0</controlfield>
  <controlfield tag="008">221012s1996    ag ||||| |||| 00| 0 spa d</controlfield>
  <datafield tag="040" ind1=" " ind2=" ">
    <subfield code="b">spa</subfield>
    <subfield code="c">CO-MdFUSB</subfield>
    <subfield code="d">CO-MdFUSB</subfield>
  </datafield>
  <datafield tag="041" ind1=" " ind2=" ">
    <subfield code="a">spa</subfield>
  </datafield>
  <datafield tag="100" ind1="1" ind2=" ">
    <subfield code="a">G&#xF3;ngora, Alvin</subfield>
    <subfield code="e">autor</subfield>
  </datafield>
  <datafield tag="245" ind1="1" ind2="3">
    <subfield code="a">La Nueva Era : </subfield>
    <subfield code="b">una propuesta de di&#xE1;logo</subfield>
    <subfield code="c">/ Alvin G&#xF3;ngora , Lilia G&#xF3;ngora</subfield>
  </datafield>
  <datafield tag="300" ind1=" " ind2=" ">
    <subfield code="a">Volumen 15, n&#xFA;mero 2 (abril - junio, 1996) p&#xE1;ginas: 12 - 13</subfield>
    <subfield code="c">; 27 cm</subfield>
  </datafield>
  <datafield tag="520" ind1=" " ind2=" ">
    <subfield code="a">Resulta casi imposible describir la Nueva Era, especialmente porque sus promotores afirman no tener una doctrina. Su perfil es delineado m&#xE1;s por sus cr&#xED;ticos que por sus seguidores, a quienes parece no incomodarles la profusi&#xF3;n de corrientes al interior de la red de la Nueva Era. Si bien la Nueva Era descarta la necesidad de la corroboraci&#xF3;n objetiva como un ingrediente de primer orden en la ciencia, al subrayar el car&#xE1;cter relativo y subjetivo de la verdad, da cabida a ciertos escarceos cient&#xED;ficos (algo de eso se percibe en su preocupaci&#xF3;n ecol&#xF3;gica y su inter&#xE9;s por la psicolog&#xED;a). El tono espiritualista de la realidad objetiva en la Nueva Era realza el talante difuso y de dif&#xED;cil aprehensi&#xF3;n te&#xF3;rica de dicha propuesta.</subfield>
  </datafield>
  <datafield tag="653" ind1=" " ind2=" ">
    <subfield code="a">La Nueva Era</subfield>
  </datafield>
  <datafield tag="700" ind1=" " ind2=" ">
    <subfield code="a">G&#xF3;ngora, Lilia,</subfield>
    <subfield code="e">autor</subfield>
  </datafield>
  <datafield tag="773" ind1="0" ind2=" ">
    <subfield code="t">Iglesia y Misi&#xF3;n</subfield>
    <subfield code="0">49402</subfield>
    <subfield code="9">59640</subfield>
    <subfield code="g">Volumen 15, n&#xFA;mero 2 (abril - junio, 1996) p&#xE1;ginas: 12 - 13</subfield>
    <subfield code="q">p&#xE1;gina:12</subfield>
  </datafield>
  <datafield tag="942" ind1=" " ind2=" ">
    <subfield code="c">ANA</subfield>
  </datafield>
  <datafield tag="945" ind1=" " ind2=" ">
    <subfield code="a">JTF-925</subfield>
  </datafield>
  <datafield tag="999" ind1=" " ind2=" ">
    <subfield code="c">52194</subfield>
    <subfield code="d">52194</subfield>
  </datafield>
</record>
